Представление документа в формате MARC21

Поле Инд. ПП Название Значение
Тип записи a
Библиографический уровень m
001 Контрольный номер 78724b6d-59bd-47a0-b22f-1d4f9fd38347
005 Дата корректировки 20150811110354.4
008 Кодируемые данные 020813
020 c Цена, тираж 23.00
040 a Служба первич. каталог. НБ ТвГУ
041 0_ a Код языка текста rus
080 a Индекс УДК 001:338.2(470.331)(063)
084 a Индекс другой классификации/Индекс ББК У9(2РОС-4ТВЕ)497.2я431
a Индекс другой классификации/Индекс ББК С59(2РОС-4ТВЕ)я431
090 x Авторский знак Р17
a Полочн. индекс У9(2РОС)
111 0_ a Наименов. мероприятия Развитие инфраструктуры рынка интеллектуальной собственности Тверской области
e Соподчин. единица Научно-практическая конференция
n N части/ секции 1
d Дата мероприятия 2001
c Место мероприятия Тверь
245 10 a Заглавие I научно-практическая конференция "Развитие инфраструктуры рынка интеллектуальной собственности Тверской области", 17-18 октября 2001 г.
b Продолж. заглавия [Материалы]
245 10 a Заглавие Развитие инфраструктуры рынка интеллектуальной собственности Тверской области
260 0_ a Место издания Тверь
b Издательство ЧуДо
c Дата издания 2001
300 a Объем 87 с.
500 a Примечание В надзаг.: Рос. гуманит. науч. фонд, Администрация Твер. обл., Всерос. о-во изобретателей и рационализаторов, Твер. обл. Дом науки и техники РосНИО, Твер. регион. отд-ние Вольного экон. о-ва России.
583 a Действие Получение впервые 348 13.08.2002
k Исполнитель действия Дар Лапушинской Г.К.
583 a Действие Приписка 360 23.09.2004
k Исполнитель действия Дар Лапушинской Г.К.
583 a Действие Проиписка 94 04.04.2005
k Исполнитель действия Дар Лапушинской Г.К.
583 a Действие Приписка 261 19.10.2007
k Исполнитель действия Дар Лапушинской Г.К.
650 04 a Основная рубрика Наука
x Основная подрубрика Экономика
x Основная подрубрика Социальное развитие
x Основная подрубрика Рыночная экономика
z Географическая подрубрика Тверская область
z Географическая подрубрика Российская Федерация
650 04 a Основная рубрика Инновационная деятельность
x Основная подрубрика Менеджмент
650 04 a Основная рубрика Интеллектуальная собственность
x Основная подрубрика Рынок
x Основная подрубрика Конференции научно-практические
653 0_ a Ключевые слова Наука в Твери
a Ключевые слова Экономика науки
a Ключевые слова Инновации
a Ключевые слова Инновационная деятельность
a Ключевые слова Менеджмент
a Ключевые слова Интеллектуальная собственность
a Ключевые слова Рынок интеллектуальной собственности
a Ключевые слова Открытое образование
a Ключевые слова Интеллектуальный потенциал региона
a Ключевые слова Образование
a Ключевые слова Тверская область
a Ключевые слова Конференции
a Ключевые слова Сборники
a Ключевые слова Краеведение
a Ключевые слова Труды Тверского государственного университета
852 41 t Порядковый номер экземпляра 3
p Инвентарный номер 748779
p Инвентарный номер 886543
p Инвентарный номер 886544
852 41 t Порядковый номер экземпляра 1
p Инвентарный номер 748780
852 41 t Порядковый номер экземпляра 7
p Инвентарный номер 789388
p Инвентарный номер 789391
p Инвентарный номер 789390
p Инвентарный номер 789389
p Инвентарный номер 886547
p Инвентарный номер 886548
p Инвентарный номер 886549
852 41 t Порядковый номер экземпляра 4
p Инвентарный номер 789392
p Инвентарный номер 789395
p Инвентарный номер 789394
p Инвентарный номер 789393
852 41 t Порядковый номер экземпляра 4
p Инвентарный номер 789396
p Инвентарный номер 789399
p Инвентарный номер 789398
p Инвентарный номер 789397
852 41 t Порядковый номер экземпляра 6
p Инвентарный номер 803733 26.00
p Инвентарный номер 803734 26.00
p Инвентарный номер 803735 26.00
p Инвентарный номер 886540
p Инвентарный номер 886541
p Инвентарный номер 886542
852 41 t Порядковый номер экземпляра 2
p Инвентарный номер 886545
p Инвентарный номер 886546
863 t 00023222
863 t 00023221
863 t 00023220
863 t 00023219
863 t 00023218
863 t 00023217
863 t 00023216
863 t 00023215
863 t 00177492
863 t 00177493
863 t 00177494
863 t 00177495
863 t 00177496
888 a Бесплатные
930 a Новая/Ретро сборники
a Новая/Ретро краеведение
952 p 348.2002 23.00 1 748779
p 360.2004 23.00 1 789399
p 360.2004 23.00 1 789398
p 360.2004 23.00 1 789397
p 360.2004 23.00 1 789396
p 360.2004 23.00 1 789395
p 360.2004 23.00 1 789394
p 360.2004 23.00 1 789393
p 360.2004 23.00 1 789392
p 360.2004 23.00 1 789391
p 360.2004 23.00 1 789390
p 360.2004 23.00 1 789389
p 360.2004 23.00 1 789388
p 348.2002 23.00 1 748780
p 94.2005 26.00 1 803733
p 94.2005 26.00 1 803734
p 94.2005 26.00 1 803735
p 261.2007 23.00 1 886540
p 261.2007 23.00 1 886541
p 261.2007 23.00 1 886542
p 261.2007 23.00 1 886543
p 261.2007 23.00 1 886544
p 261.2007 23.00 1 886545
p 261.2007 23.00 1 886546
p 261.2007 23.00 1 886547
p 261.2007 23.00 1 886548
p 261.2007 23.00 1 886549
c Вид литературы К рн
954 a Дата поступления на обработку 20020912
999 a Подразделение 2 ОРК
a Подразделение 2 ч.з.
a Подразделение 2 Фил1
a Подразделение 2 Фил3
a Подразделение 2 уч.о.
a Подразделение 2 кх.
a Подразделение 2 аб.